000 01959cam a2200517 a 4500
001 21535
003 VRT
005 20260303161055.0
008 240226s1983 xo a j 000 j slo
015 _aSNBA1983
020 _q(viazané)
035 _aSNK000035212
035 _a25CA71B0-3887-4BF5-9FDC-775AD40CF86E
035 _aurn:nbn:sk:snk-am00ienh
039 9 _a202402262017
_bVLOAD
_c202305011811
_dVLOAD
_c202304281411
_dVLOAD
_c202301250812
_dmsnk160
040 _aSNK
_bslo
_cSNK
_eAACR2
041 0 _aslo
044 _axo
_cSK
072 7 _a821.162.4-3
_xSlovenská próza
_2konspekt
072 7 _a821-93
_xLiteratúra pre deti a mládež (beletria)
_2konspekt
080 _a821.162.4-32
_22011
080 _a82-93-053.4/.5
_22011
100 1 _aMoric, Rudo,
_d1921-1985
_4aut
245 1 0 _aHlupáčik s velikánskou jednotkou
_cRudo Moric ; [ilustroval Dušan Kállay]
250 _a1. vyd.
260 _aBratislava
_bMladé letá
_c1983
300 _a56 strán, [9] nečíslovaných strán obrazových príloh
_bfarebné ilustrácie
_c21 cm
366 _e61000 kusov
490 1 _aKlub mladých čitateľov
_vPrvá kniha
500 _aRozložené ilustrácie na titulnom liste. Ilustrácie na predsádkach
521 1 _aPre čitateľov od 6 rokov
655 7 _aslovenské poviedky
_2SNKPH
655 7 _aliteratúra pre deti a mládež
_2SNKPH
700 1 _aKállay, Dušan,
_d1948-
_4ill
830 0 _aKlub mladých čitateľov
910 _asnk
942 _2ddc
_cKLDE
_n0
949 _617A0698419
_asnkSC 59248 D1
_bsnkKSP 6581/83
949 _6270001000390947
_asvkbbA 38416
_bsvkbbm 433500
949 _63869A08719
_abpksh885.4(02.053.2)-32
_bbpksh46001
949 _60133063343
_asnmk
_bsnmk63343
949 _617A0896837
_asnkSC 59248
_bsnkKSP 6580/83
_s6100:20220722
949 _6273K0161512
_asvkpoA 129073
_bsvkpo303363
949 _63869A18705
_abpksh885.4(02.053.2)-32
_bbpksh69250
999 _c21535
_d21535